Statistics for Countries of Oceania With Clues

Click here to take the quiz!

General Stats

  • This quiz has been taken 12 times
  • The average score is 8 of 14

Answer Stats

HintAnswer% Correct
By far the largest country in OceaniaAustralia
91%
Mostly guessed on the countries of the world quiz by NZNew Zealand
73%
The only country in Oceania to border only one other countryPapua New Guinea
73%
Has one of the most complicated time zones everKiribati
64%
It has an area of 21 square kmNauru
64%
The capital is NgerulmudPalau
64%
The British protected this country from German aggressionTonga
64%
10% of this country's money is because of their domain name - .tvTuvalu
64%
This Country has a traditional drink known as KavaFiji
55%
It is close to the US but independentF.S Micronesia
45%
The islands have a total coastline 229 miles (370 kilometres)Marshall Islands
45%
This country belongs to the Polynesian islands, the group of islands lie halfway between Hawaii and New ZealandSamoa
45%
Honiara is the capital of this countrySolomon Islands
45%
The current population of this country is 313,344 based on projections of the latest United Nations dataVanuatu
36%

Score Distribution

Percentile by Number Answered

Percent of People with Each Score

Your Score History

You have not taken this quiz